Catalog

Record Details

Catalog Search



Slovník českých synonym a antonym  Cover Image Book Book

Slovník českých synonym a antonym / slovník vytvořil autorský kolektiv pracovníků Lingea s.r.o.

Lingea (firma) (Author, Publisher).

Record details

  • ISBN: 978-80-7508-271-8
  • Physical Description: 606 stran ; 20 cm
  • Edition: 3. vydání
  • Publisher: V Brně : Lingea, 2023

Content descriptions

General Note:
Obálkový podnázev: správně česky
Subject: čeština
synonyma
antonyma
Czech language
synonyms
antonyms
Genre: slovníky synonym, antonym, homonym
synonyms, antonyms and homonyms dictionaries

LDR 01419nam a2200433 i 4500
00157169
003CZ-PrJAB
00520230613132616.0
007ta
008230515s2023 xr g d 000 0 cze
015 . ‡acnb003520561
020 . ‡a978-80-7508-271-8 ‡q(vázáno)
035 . ‡a(CZ PrNK)nkc20233520561
035 . ‡a(OCoLC)1389729657
040 . ‡aOLA001 ‡bcze ‡erda
072 7. ‡a811.162.3 ‡xČeština ‡2Konspekt ‡911
080 . ‡a811.162.3 ‡2MRF
080 . ‡a81'373.421 ‡2MRF
080 . ‡a81'373.422 ‡2MRF
080 . ‡a(038)81 ‡2MRF
24500. ‡aSlovník českých synonym a antonym / ‡cslovník vytvořil autorský kolektiv pracovníků Lingea s.r.o.
250 . ‡a3. vydání
264 1. ‡aV Brně : ‡bLingea, ‡c2023
300 . ‡a606 stran ; ‡c20 cm
336 . ‡atext ‡btxt ‡2rdacontent
337 . ‡abez média ‡bn ‡2rdamedia
338 . ‡asvazek ‡bnc ‡2rdacarrier
500 . ‡aObálkový podnázev: správně česky
65007. ‡ačeština ‡7ph135292 ‡2czenas
65007. ‡asynonyma ‡7ph139210 ‡2czenas
65007. ‡aantonyma ‡7ph135242 ‡2czenas
65009. ‡aCzech language ‡2eczenas
65009. ‡asynonyms ‡2eczenas
65009. ‡aantonyms ‡2eczenas
655 7. ‡aslovníky synonym, antonym, homonym ‡7fd202924 ‡2czenas
655 9. ‡asynonyms, antonyms and homonyms dictionaries ‡2eczenas
7102 . ‡aLingea (firma) ‡7ko2003165020 ‡4aut ‡4pbl
910 . ‡aABA001
901 . ‡a57169 ‡bAUTOGEN ‡c57169 ‡tbiblio

Additional Resources